| 000 | 00724nam a2200217 a 4500 | ||
|---|---|---|---|
| 999 |
_c3672 _d3672 |
||
| 001 | 3672 | ||
| 003 | BD-JhCC | ||
| 005 | 20180328181057.0 | ||
| 008 | 171115s1965 bg ||||| |||| 00| 0 ben d | ||
| 035 | _a(BD-JhCC)3672 | ||
| 040 |
_aBD-JhCC _dBD-JhCC |
||
| 041 | _aben | ||
| 082 |
_a891.4409 _bUDD 1965 |
||
| 100 | _aউদ্দীন, মুহাম্মদ মনসুর | ||
| 245 |
_aবাংলা সাহিত্যে মুসলিম সাধনা / _cমুহাম্মদ মনসুর উদ্দীন. |
||
| 260 |
_aঢাকা : _bরতন পাবলিশার্স, _c1965. |
||
| 300 |
_aVarious Pages _c21 cm. |
||
| 650 | _aBengali Literature | ||
| 942 |
_2ddc _cBK |
||